|
|
|
|
| LEADER |
00676cam a2200193 7i4500 |
| 001 |
0000000569 |
| 005 |
20191024090000.0 |
| 020 |
|
|
|a 0070168938 (hbk.)
|
| 090 |
0 |
0 |
|a TA405
|b .D54 1986
|
| 100 |
1 |
|
|a Dieter, George E
|
| 245 |
1 |
0 |
|a Mechanical metallurgy
|c George E. Dieter.
|
| 260 |
|
|
|a Boston, Massachusetts:
|b McGraw-Hill,
|c 1986.
|
| 300 |
|
|
|a xxiii, 751 p.:
|b ill.;
|c 23 cm.
|
| 490 |
0 |
|
|a McGraw-Hill series in materials science and engineering
|
| 500 |
|
|
|a Includes index
|
| 650 |
0 |
0 |
|a Physical metallurgy
|
| 650 |
0 |
0 |
|a Strength of materials
|
| 997 |
|
|
|a Engineering & Life Sciences, Faculty
|b Engineering, Department
|
| 999 |
|
|
|a 0000002731
|b BOK
|c OPEN SHELF
|e 2nd Floor, Bestari Jaya
|